[Event "Madrid San Viator op-A 29th"]
[Site "Madrid"]
[Date "2017.11.12"]
[Round "9"]
[White "Lopez Benitez, David"]
[Black "Camarero Izquierdo, Juan Carlos"]
[Result "0-1"]
[WhiteElo "1717"]
[BlackElo "1843"]
[PlyCount "58"]
[EventDate "2017.09.17"]
[EventType "swiss"]
[EventRounds "9"]
[EventCountry "ESP"]
[SourceTitle "EXT 2019"]
[Source "ChessBase"]
[SourceDate "2018.10.10"]
[SourceVersion "1"]
[SourceVersionDate "2018.10.10"]
[SourceQuality "1"]

1. Nf3 d5 2. g3 Nc6 3. Bg2 e5 4. d4 f6 5. 0-0 Be6 6. Nc3 Qd7 7. h4 0-0-0 8. Qe1 Bh3 9. a3 Bxg2 10. Kxg2 h5 11. e4 exd4 12. Nxd5 g5 13. hxg5 f5 14. Nh4 f4 15. Qe2 Nge7 16. Nxe7+ Bxe7 17. Ng6 Rhg8 18. Qxh5 Kb8 19. Nxe7 Qxe7 20. Rh1 Rxg5 21. Qh4 Rdg8 22. Rh3 a5 23. Bd2 a4 24. Rah1 Qc5 25. c3 Qb5 26. cxd4 Qd3 27. Be1 Qxe4+ 28. Kf1 Qd3+ 29. Kg2 Nxd4 0-1

[Event "Madrid San Viator op-A 29th"]
[Site "Madrid"]
[Date "2017.11.05"]
[Round "8"]
[White "Calvo de Castro, Miguel"]
[Black "Lopez Benitez, David"]
[Result "1/2-1/2"]
[WhiteElo "1836"]
[BlackElo "1717"]
[PlyCount "53"]
[EventDate "2017.09.17"]
[EventType "swiss"]
[EventRounds "9"]
[EventCountry "ESP"]
[SourceTitle "EXT 2019"]
[Source "ChessBase"]
[SourceDate "2018.10.10"]
[SourceVersion "1"]
[SourceVersionDate "2018.10.10"]
[SourceQuality "1"]

1. d4 Nf6 2. c4 g6 3. Nf3 Bg7 4. g3 0-0 5. Bg2 d6 6. 0-0 Nbd7 7. b3 Rb8 8. Bb2 Ng4 9. h3 Nh6 10. Qd2 f5 11. Ng5 Nf6 12. d5 Nf7 13. Nxf7 Rxf7 14. Nc3 a6 15. a4 Qf8 16. f4 Nd7 17. Rae1 Nf6 18. Nd1 Bd7 19. Qa5 Qc8 20. Bd4 b6 21. Qc3 Ne4 22. Bxe4 Bxd4+ 23. Qxd4 fxe4 24. g4 Bxg4 25. hxg4 Qxg4+ 26. Kf2 Qxf4+ 27. Kg2 1/2-1/2

[Event "Madrid San Viator op-A 29th"]
[Site "Madrid"]
[Date "2017.09.17"]
[Round "1"]
[White "Lopez Benitez, David"]
[Black "Garcia Sanjuan, Jose"]
[Result "0-1"]
[WhiteElo "1717"]
[BlackElo "1899"]
[PlyCount "110"]
[EventDate "2017.09.17"]
[EventType "swiss"]
[EventRounds "9"]
[EventCountry "ESP"]
[SourceTitle "EXT 2019"]
[Source "ChessBase"]
[SourceDate "2018.10.10"]
[SourceVersion "1"]
[SourceVersionDate "2018.10.10"]
[SourceQuality "1"]

1. e4 b6 2. Nf3 Bb7 3. Nc3 e6 4. d4 Bb4 5. Bd3 Nf6 6. Bg5 h6 7. Bh4 g5 8. Nxg5 hxg5 9. Bxg5 Be7 10. Nb5 a6 11. Nc3 Nc6 12. Ne2 Nb4 13. f3 d5 14. e5 Nd7 15. Be3 c5 16. c3 Nxd3+ 17. Qxd3 cxd4 18. cxd4 Bb4+ 19. Kf2 Rc8 20. a3 Bf8 21. Nf4 Qh4+ 22. g3 Qh7 23. Rac1 Rxc1 24. Qxh7 Rxh7 25. Rxc1 Kd8 26. Kg2 Nb8 27. g4 Nc6 28. Kg3 Na5 29. Rc2 Nc4 30. Bc1 Be7 31. Nh5 Bc8 32. h4 Bd7 33. Nf6 Bxf6 34. exf6 e5 35. b3 Na5 36. dxe5 Nxb3 37. Be3 d4 38. Bf2 b5 39. Be1 d3 40. Rb2 Be6 41. h5 Nd4 42. Rd2 Bc4 43. Kf2 Kd7 44. Ke3 Nc2+ 45. Rxc2 dxc2 46. Kd2 Bd5 47. f4 Bf3 48. g5 Rxh5 49. Kxc2 Be4+ 50. Kc3 Ke6 51. Bd2 Rh3+ 52. Kb4 Rd3 53. Bc1 Rd4+ 54. Kc5 Rc4+ 55. Kb6 Rxc1 0-1

[Event "Madrid San Viator op-B 27th"]
[Site "Madrid"]
[Date "2016.11.06"]
[Round "7"]
[White "Lopez Benitez, David"]
[Black "Perez Sempere, Alberto"]
[Result "1-0"]
[WhiteElo "1679"]
[BlackElo "1748"]
[PlyCount "108"]
[EventDate "2016.09.25"]
[EventType "swiss"]
[EventRounds "9"]
[EventCountry "ESP"]
[SourceTitle "EXT 2019"]
[Source "ChessBase"]
[SourceDate "2018.10.10"]
[SourceVersion "1"]
[SourceVersionDate "2018.10.10"]
[SourceQuality "1"]

1. Nf3 c5 2. g3 Nc6 3. Bg2 g6 4. d3 d5 5. c4 dxc4 6. Qa4 Qa5+ 7. Qxa5 Nxa5 8. Ne5 Bg7 9. Nxc4 Nxc4 10. dxc4 Rb8 11. Nd2 b6 12. Rb1 f5 13. b3 Nh6 14. 0-0 0-0 15. Bb2 Bb7 16. Nf3 Nf7 17. Bxg7 Kxg7 18. Rfd1 Rfd8 19. Ne1 Bxg2 20. Kxg2 e5 21. Nc2 Nd6 22. f3 Ne8 23. Ne3 Nf6 24. Rxd8 Rxd8 25. Rd1 Rd4 26. Kf2 f4 27. gxf4 exf4 28. Rxd4 fxe3+ 29. Kxe3 cxd4+ 30. Kxd4 Nd7 31. b4 Kf6 32. a4 Ke6 33. h4 Ne5 34. c5 Nc6+ 35. Kc4 bxc5 36. Kxc5 Nb8 37. a5 h6 38. b5 Kd7 39. f4 Kc7 40. e4 Nd7+ 41. Kd5 Nf6+ 42. Ke5 Nd7+ 43. Kd5 Nf6+ 44. Kd4 Nd7 45. e5 Nf8 46. Kd5 Nd7 47. Ke6 Nc5+ 48. Kf6 Nd3 49. f5 g5 50. hxg5 hxg5 51. e6 g4 52. b6+ axb6 53. axb6+ Kxb6 54. e7 Nc5 1-0

[Event "Madrid San Viator op-B 27th"]
[Site "Madrid"]
[Date "2016.10.09"]
[Round "3"]
[White "Estevez Sacristan, Deva"]
[Black "Lopez Benitez, David"]
[Result "1/2-1/2"]
[WhiteElo "1600"]
[BlackElo "1679"]
[PlyCount "40"]
[EventDate "2016.09.25"]
[EventType "swiss"]
[EventRounds "9"]
[EventCountry "ESP"]
[SourceTitle "EXT 2017"]
[Source "ChessBase"]
[SourceDate "2016.10.25"]
[SourceVersion "1"]
[SourceVersionDate "2016.10.25"]
[SourceQuality "1"]

1. e4 c5 2. Nf3 Nc6 3. d4 cxd4 4. Nxd4 d6 5. Nc3 Nf6 6. Be2 e6 7. 0-0 Be7 8. Be3 0-0 9. f4 Bd7 10. f5 Nxd4 11. Bxd4 d5 12. Be3 Bc6 13. Bf3 Qa5 14. a3 a6 15. b4 Qc7 16. g4 Nd7 17. g5 f6 18. g6 h6 19. Qd2 Nb6 20. Be2 Rfd8 1/2-1/2

[Event "Madrid San Viator op 25th"]
[Site "Madrid"]
[Date "2015.10.12"]
[Round "3"]
[White "Lopez Benitez, David"]
[Black "Ingunza Curro, Andres"]
[Result "1-0"]
[WhiteElo "1731"]
[BlackElo "1459"]
[PlyCount "79"]
[EventDate "2015.10.04"]
[EventType "swiss"]
[EventRounds "9"]
[EventCountry "ESP"]
[SourceTitle "CBM 169 Extra"]
[Source "ChessBase"]
[SourceDate "2015.12.18"]
[SourceVersion "1"]
[SourceVersionDate "2015.12.18"]
[SourceQuality "1"]

1. f4 d5 2. Nf3 Nf6 3. g3 Bg4 4. Bg2 e6 5. 0-0 Be7 6. d3 c6 7. Nbd2 Nbd7 8. e4 Nc5 9. e5 Nfd7 10. h3 Bxf3 11. Qxf3 Qb6 12. d4 Na6 13. Nb3 Nc7 14. Rf2 Nb5 15. Be3 0-0-0 16. a4 Nc7 17. a5 Qb5 18. Bf1 Qb4 19. Bd2 Qxd2 20. Rxd2 h5 21. h4 f6 22. c4 g5 23. exf6 Nxf6 24. fxg5 Ne4 25. cxd5 Nxd2 26. Nxd2 Nxd5 27. Bh3 Nc7 28. Qe4 Bb4 29. Nb3 Kb8 30. Rf1 Nb5 31. Rf7 Nd6 32. Qe5 Ka8 33. Rd7 Rhf8 34. Qg7 Rfe8 35. Nc5 Bxc5 36. dxc5 Nb5 37. Bf1 Rb8 38. Bxb5 cxb5 39. a6 Rg8 40. axb7+ 1-0

[Event "Madrid San Viator op 20th"]
[Site "Madrid"]
[Date "2013.04.07"]
[Round "1"]
[White "Lopez Benitez, David"]
[Black "Cazorla Munoz, Francisco"]
[Result "1-0"]
[WhiteElo "1746"]
[BlackElo "1735"]
[PlyCount "117"]
[EventDate "2013.04.07"]
[EventType "swiss"]
[EventRounds "9"]
[EventCountry "ESP"]
[SourceTitle "EXT 2014"]
[Source "ChessBase"]
[SourceDate "2013.11.20"]
[SourceVersion "1"]
[SourceVersionDate "2013.11.20"]
[SourceQuality "1"]

1. Nf3 Nf6 2. g3 d5 3. Bg2 c5 4. 0-0 Nc6 5. d3 e5 6. Nbd2 Be7 7. e4 d4 8. Nc4 Qc7 9. a4 0-0 10. Nh4 Bg4 11. f3 Be6 12. Nf5 Bxf5 13. exf5 Nd7 14. f4 f6 15. Be4 Nb6 16. b3 Rad8 17. Bd2 Nd5 18. Bxd5+ Rxd5 19. Qf3 Rdd8 20. Rae1 Rfe8 21. Rf2 Bf8 22. Rfe2 Re7 23. h4 Rde8 24. Kg2 Qd7 25. fxe5 fxe5 26. g4 Kh8 27. Bg5 e4 28. Rxe4 Rxe4 29. Rxe4 h6 30. Bd2 Rxe4 31. Qxe4 Be7 32. Kh3 Qd8 33. Be1 Bf6 34. Qe6 Qe7 35. Qxe7 Bxe7 36. Kg2 Bf6 37. Kf3 Kg8 38. Kf4 Be7 39. g5 h5 40. Ke4 Kf8 41. Kd5 Ke8 42. Nd6+ Bxd6 43. Kxd6 Ne7 44. Kc7 b6 45. Kb7 Kd7 46. Kxa7 Kc6 47. f6 gxf6 48. gxf6 Nc8+ 49. Ka6 Nd6 50. c3 Nf7 51. b4 Ne5 52. b5+ Kd6 53. Bg3 dxc3 54. Bxe5+ Kxe5 55. f7 c2 56. f8Q c1Q 57. Qe7+ Kd4 58. Qe4+ Kc3 59. Qc4+ 1-0